| 000 | 02125cam a22004218i 4500 | ||
|---|---|---|---|
| 001 | in00024280749 | ||
| 003 | DLC | ||
| 005 | 20260414125613.0 | ||
| 007 | t | ||
| 008 | 250714s2025 mau b 001 0 eng | ||
| 010 | _a 2024047176 | ||
| 020 |
_a9780262049856 _qhardcover |
||
| 020 |
_z9780262383929 _qpdf |
||
| 020 |
_z9780262383936 _qepub |
||
| 040 |
_aDLC _beng _erda _cDLC _dDLC-MRC |
||
| 041 | _aeng | ||
| 042 | _apcc | ||
| 050 | 0 | 0 |
_aHT1521 _bS997b 2025 |
| 100 | 1 |
_aSzetela, Adam _eauthor _4aut _4http://id.loc.gov/vocabulary/relators/aut _0http://id.loc.gov/authorities/names/n2025502448 _1http://id.loc.gov/rwo/agents/n2025502448 _947934 |
|
| 245 | 1 | 0 |
_aThat book is dangerous! : _bhow moral panic, social media, and the culture wars are remaking publishing / _cAdam Szetela. |
| 263 | _a2507 | ||
| 264 | 1 |
_aCambridge : _bThe MIT Press, _c2025. |
|
| 300 |
_a273 pages ; _c23 cm. |
||
| 336 |
_atext _btxt _2rdacontent _0http://id.loc.gov/vocabulary/contentTypes/txt |
||
| 337 |
_aunmediated _bn _2rdamedia _0http://id.loc.gov/vocabulary/mediaTypes/n |
||
| 338 |
_avolume _bnc _2rdacarrier _0http://id.loc.gov/vocabulary/carriers/nc |
||
| 504 | _aIncludes bibliographical references and index. | ||
| 520 | _a"This book investigates how well-intentioned and often successful efforts to diversify American literature have also produced unintended and disastrous effects"-- Provided by publisher. | ||
| 650 | 0 |
_aRacism _0http://id.loc.gov/authorities/subjects/sh85110266 |
|
| 758 | _1http://id.loc.gov/resources/instances/in00024280749 | ||
| 758 |
_4http://id.loc.gov/ontologies/bibframe/instanceOf _1http://id.loc.gov/resources/works/in00024280749 |
||
| 776 | 1 |
_iOnline version _4http://id.loc.gov/entities/relationships/onlineversion _aSzetela, Adam _tThat book is dangerous! _dCambridge : The MIT Press, 2025 _z9780262383929 _w(DLC) 2024047177 |
|
| 884 |
_aDLC bibframe2marc v2.10-dev _g20250714 _qDLC _uhttps://github.com/lcnetdev/bibframe2marc/releases/tag/v2.10-dev |
||
| 906 |
_a7 _bcbc _corignew _d1 _eecip _f20 _gy-gencatlg |
||
| 942 |
_2lcc _cBK _n0 |
||
| 946 | _idpf | ||
| 999 |
_c126796 _d126796 |
||